MDQL
is popping MORE tags! Check the
thread
!
Quizzes
Events
Quiz Creation
Community
Videos
Private Events
Remove Ads
Sign In
Join for FREE
Feedback
Dark Mode
Quiz Categories
Sports
Geography
Music
Movies
Television
Just For Fun
Miscellaneous
History
Literature
Language
Science
Gaming
Entertainment
Religion
Holiday
For Kids
Quiz Lab
Recent
Popular Today
Quiz Kudos Today
Editor Picks
Curator Picks
Quizzes by...
Day
Popularity
Type
Ratings
Length
Year
Community
Subscriptions
Recent Discussions
Orange Saloon
Badges
Playlists
Quests
Create
Leaderboards
Showdown
Live 5
Trivia Bingo
Activity
Puzzle Library
Sporcle Events
Private Events
Virtual Trivia
Globe League
Become a Host
Pub Owners
SporcleCon
Opinionation
Our Games
Videos
Blog
Mobile Apps
Partnerships
Remove Ads and Go Orange
Feedback
Sports
Athletes
MLB
NBA
NHL
NFL
Soccer
Sports Teams
WWE
NCAA
Football
Premier League
Basketball
Baseball
Hockey
Golf
Tennis
Cricket
Rugby
Auto Racing
Olympics
World Cup
Sports
Athletes
MLB
NBA
NHL
NFL
Soccer
Sports Teams
WWE
NCAA
Football
Premier League
Basketball
Baseball
Hockey
Golf
Tennis
Cricket
Rugby
Auto Racing
Olympics
World Cup
Random Quiz
Search Sporcle
×
Quiz Lab
Quiz Lab
Sports
Premier League
Type in answers that appear in a list
Type in answers that appear in a list
Classic
Best Score? Go Orange.
Top 95 Premier League Scorers 2011-12 Stats
Can you name the players who scored in the EPL in 2011-12?
By
Quizguy1
17m
95 Questions
201 Plays
201 Plays
201 Plays
Comments
Comments
Give Quiz Kudos
Give Quiz Kudos
-
- Ratings
hide this ad
More Info
Replay
Link that replays current quiz
Next Quiz
Link to next quiz in quiz playlist
You Got
0%
They Got
Avg Score
57%
Avg Friend Score
Upgrade to see
Score Distribution
Jump to the score distribution portion of the page
Score
0/95
Timer
17:00
0
Plays Today
Team
Player
% Correct
Man Utd
Wayne Rooney
97.5%
Arsenal
Robin van Persie
97%
Man City
Sergio Kun Agüero
95%
Newcastle
Demba Ba
93.5%
Spurs
Jermain Defoe
90%
Chelsea
Frank Lampard
89.6%
Various
Morten Gamst Pedersen
89.6%
Man City
Edin Dzeko
88.1%
Liverpool
Steven Gerrard
87.1%
Spurs*
Emmanuel Adebayor
86.6%
Liverpool
Luis Suárez
86.6%
Stoke/
Spurs
Peter Crouch
86.6%
Newcastle
Papiss Demba Cissé
86.1%
Chelsea
Fernando Torres Sanz
86.1%
QPR
Djibril Cissé
86.1%
Spurs
Gareth Bale
84.6%
Aston Villa
Darren Bent
84.1%
Chelsea
Didier Drogba
84.1%
Fulham
Clint Dempsey
82.6%
Man City
David Jiménez Silva
81.1%
Man City
Carlos Tévez
79.6%
Wolves
Stephen Fletcher
78.6%
Norwich
Grant Holt
78.1%
Man City
Mario Balotelli
78.1%
Man Utd
Chicharito
77.6%
Man Utd
Dimitar Berbatov
77.6%
Man Utd
Luís Nani
76.1%
Arsenal
Theo Walcott
76.1%
Man City
Yaya Touré
76.1%
Man City
Adam Johnson
76.1%
Man Utd
Danny Welbeck
75.6%
Blackburn
Yakubu Aiyegbeni
74.1%
Team
Player
% Correct
Man City/
Arsenal
Samir Nasri
74.1%
Everton/
Arsenal
Mikel Arteta Amatriain
73.6%
Chelsea
Daniel Sturridge
71.6%
Man Utd
Ashley Young
71.1%
Chelsea
Juan Mata García
70.6%
Bolton
Kevin Davies
70.1%
Bolton
Mark Davies
70.1%
Liverpool
Andy Carroll
68.7%
Chelsea
John Terry
66.2%
QPR/
Fulham
Bobby Zamora
65.7%
Swansea
Danny Graham
65.2%
Man Utd
Antonio Valencia
64.2%
West Brom
Peter Odemwingie
63.2%
Spurs
Rafael van der Vaart
62.7%
Man Utd
Paul Scholes
61.7%
Aston Villa
Gabriel Agbonlahor
59.2%
West Brom
Shane Long
58.2%
Swansea
Nathan Dyer
58.2%
Wolves
Kevin Doyle
58.2%
Spurs
Luka Modrić
56.2%
Arsenal/
Sunderland*
Nicklas Bendtner
55.7%
Spurs/
Everton*
Steven Pienaar
55.2%
Everton
Leighton Baines
55.2%
Stoke
Jonathan Walters
54.2%
Liverpool
Maxi Rodríguez
53.7%
Everton
Nikica Jelavić
53.2%
Swansea
Scott Sinclair
50.7%
Chelsea
Ramires
50.7%
Everton/
Spurs
Louis Saha
50.7%
Everton
Leon Osman
49.3%
Wigan
Franco Di Santo
47.3%
Newcastle
Yohan Cabaye
45.8%
Team
Player
% Correct
West Brom
James Morrison
43.8%
Newcastle
Hatem Ben Arfa
42.3%
Wolves
Matt Jarvis
40.3%
Swansea
Joe Allen
40.3%
Norwich
Anthony Pilkington
39.8%
Chelsea/
Arsenal*
Yossi Benayoun
39.8%
Sunderland
Stéphane Sessègnon
38.8%
Sunderland
Sebastian Larsson
34.8%
Norwich
Wesley Hoolahan
34.8%
Blackburn
David Junior Hoilett
34.3%
Arsenal
Gervinho
33.3%
Wigan
Victor Moses
32.8%
Liverpool
Craig Bellamy
32.3%
Everton
Victor Anichebe
31.3%
Swansea
Gylfi Sigurðsson
30.8%
Arsenal
Thomas Vermaelen
30.8%
Bolton
Martin Petrov
30.3%
Aston Villa
Stiliyan Petrov
30.3%
Bolton
Ivan Klasnić
28.9%
QPR
Jamie Mackie
27.9%
Wigan
Jordi Gómez
27.4%
Norwich
Steve Morison
25.4%
Stoke
Cameron Jerome
25.4%
Newcastle
Leon Best
17.9%
Fulham
Pavel Pogrebnyak
17.4%
Sunderland
James McClean
17.4%
QPR
Heiðar Helguson
16.4%
Bolton
Chris Eagles
13.4%
Blackburn
Mauro Formica
9%
Bolton
Nigel Reo-Coker
9%
Norwich
Andrew Surman
6%
Quiz Playlist
Details
Report
Send in Message
Add To Playlist
More Info:
* denotes that the player was on loan at this club.
Classic:
Type in answers that appear in a list
Quiz Source
Last Updated: Feb 16, 2017
Quiz Scoreboard
CHALLENGE
Sign Up to Join the Scoreboard
Show All
Scores
Hide
Comments
May contain spoilers
Recently Published
Colored Red Africa Blitz
by spor1
Geography
30s
Find the 'City' Movie
by crazypaving
Movies
60s
5x2 Blitz: Bands
by SL_Kpop136
Music
30s
More to Explore
Quiz From the Vault
Featured Blog Post
14 Easter Pick-up Lines to Find Eggs With
hide this ad
You Might Also Like...
Tags
Football Quiz
Premier League Quiz
Soccer Quiz
2011
2012
English Soccer
Scorer
Top 100
Top Scorers
Today's Top Quizzes in Sports
Browse Sports
hide this ad
Today's Top Quizzes in Premier League
Browse Premier League
Top Contributed Quizzes in Sports
1
Les entraîneurs de l'OM et du PSG au 21e siècle
2
Les meilleurs buteurs des matchs entre le PSG et l’OM
3
Players with Multiple 50 Home Run Seasons
4
2022 World Cup Stars
5
Les joueurs passés par le PSG et l'OM
6
NBA Logic Puzzle 2.0
7
Criteria MLB: Left Handed Sluggers
8
MLB Players with Two .350 Batting Average Seasons
9
Top 10 NHL Goal Scorers of All Time
10
Who Hit More Homers?
Explore More
Trending Topics
Disney
NBA
Anime
Kpop
Crossword
Marvel
Harry Potter
Country
NFL
Pokémon
Puzzle
The Office
Soccer
Song
WWE
hide this ad
More By:
Quizguy1
Quiz
Plays
Rating
Category
Featured
Created
Quick Pick: Played for Both Premier League Clubs
20,918
4.47
Just For Fun
Jan 17, 2021
Premier League Overseas XIs
4,691
4.80
Sports
Feb 27, 2021
Premier League XIs by Nationality - 20/21
2,351
4.00
Sports
Jan 16, 2021
Premier League 21/22 XIs - Minutes Played
2,114
5.00
Sports
Sep 12, 2021
Premier League One-Club Players
2,071
5.00
Sports
Dec 27, 2020
Go to Creator's Profile
Score Distribution
Quiz Creator Spotlight
Quizguy1
Follow
Send a Message
Quizzes Created
-
Created Quiz Play Count
-
More By This Creator
Popular Quizzes Today
1
Colored Red Africa Blitz
2
Find the 'City' Movie
3
5x2 Blitz: Bands
4
Find the US States - No Outlines Minefield
5
The Countries of the World
6
Find the US States
7
US States
8
Find the Countries of Europe - No Outlines Minefield
More Sports Quizzes
Last 5 Borussia Dortmund Winning XI's vs English Teams
Quiz Lab
Trending Quizzes
Colored Red Europe Blitz I
Colored Red Africa Blitz II
Colored Red Europe Blitz II
Colored Red Africa Blitz III
Colored Red Europe Blitz III
Recently Updated
How Do You Spell That?
pecheneg
Godzilla Movies
pecheneg
Grab Bag: 4-10 Letters
pecheneg
2024 March Madness Bracket
pecheneg
Famous TV Couples
Peacemaker
Champions League XIs: Real Madrid
pecheneg
Largest US Cities 1790-2010
pecheneg
Rides in Walt Disney World
pecheneg
Most Oscar Losses (Acting)
pecheneg
Beyoncé Albums
pecheneg
Trending Topics
Marvel
Crossword
Harry Potter
Kpop
NBA
Disney
Anime
The Office
Puzzle
Country
WWE
Soccer
Song
Pokémon
NFL
Your Account Isn't Verified!
In order to create a playlist on Sporcle, you need to verify the email address you used during registration. Go to your
Sporcle Settings
to finish the process.
Report this User
Report this user for behavior that violates our
Community Guidelines
.
Details:
Send Report
Go to the Sporcle.com Mobile Site →
Comments